忘年交:我与郭沫若,田汉的交往 (Record no. 40866)

000 -LEADER
fixed length control field 00485nam a22001937a 4500
003 - CONTROL NUMBER IDENTIFIER
control field MPLRDC
005 - DATE AND TIME OF LATEST TRANSACTION
control field 20220104143532.0
008 - FIXED-LENGTH DATA ELEMENTS--GENERAL INFORMATION
fixed length control field 210129b ||||| |||| 00| 0 eng d
020 ## - INTERNATIONAL STANDARD BOOK NUMBER
International Standard Book Number 7-80616-797-8
082 ## - DEWEY DECIMAL CLASSIFICATION NUMBER
Classification number 782.891 GMR-6
100 ## - MAIN ENTRY--PERSONAL NAME
Personal name 陈明远
245 ## - TITLE STATEMENT
Title 忘年交:我与郭沫若,田汉的交往
Statement of responsibility, etc.
250 ## - EDITION STATEMENT
Edition statement 初版
260 ## - PUBLICATION, DISTRIBUTION, ETC.
Place of publication, distribution, etc.
Name of publisher, distributor, etc. 学林出版社
Date of publication, distribution, etc. 1999
300 ## - PHYSICAL DESCRIPTION
Other physical details
490 ## - SERIES STATEMENT
Series statement 纪实与回忆
650 ## - SUBJECT ADDED ENTRY--TOPICAL TERM
Topical term or geographic name entry element 郭沫若传记
942 ## - ADDED ENTRY ELEMENTS (KOHA)
Koha item type Book
-- 782.891 GMR-6
Holdings
Withdrawn status Lost status Source of classification or shelving scheme Damaged status Not for loan Collection code Home library Current library Shelving location Date acquired Cost, normal purchase price Total Checkouts Full call number Barcode Date last seen Date last checked out Price effective from Koha item type Public note
            Malaysian Public Library, Research and Development Centre Malaysian Public Library, Research and Development Centre   10/12/2007 22.40   782.891 GMR-6 00041009 18/03/2021 10/12/2007 18/03/2021 Book mplrdc

© 2022. Malaysian Public Library, Research and Development Centre. All Right ReservedE-mailmplrdc@help.edu.my 

Powered by Koha